000 00794nam a22002417a 4500
001 3744
003 FISKH
005 20240429095013.0
008 240429b cb ||||| |||| 00| 0 eng d
040 _aFISK
_beng
_cFISK
_dFISK
050 _aPZ7.K2518
082 _a829.3
100 _aKehret Peg
_d1936-
245 _aAbduction! /
_cPeg Kehret
260 _aNew York :
_bScholastic,
_c2010
300 _a215 pages :
_c20 cm
505 _aM
520 _aThirteen-year-old Bonnie has a feeling of foreboding on the very day that her six-year-old brother Matt and their dog Pookie are abducted, and she becomes involved in a major search effort as well as a frightening adventure.
521 8 _a760
_bLexiles
700 _aPeg Kehret
942 _2lcc
_cBK
_n0
999 _c3744
_d3744